Desarrollo de aplicación para utilizar un kinect como interfaz visual y musical

محفوظ في:
التفاصيل البيبلوغرافية
المؤلف الرئيسي: Apú Chinchilla, Arturo, 1994-
مؤلفون آخرون: Lochi Yu Lo Director de Proyecto Eléctrico
التنسيق: كتاب
اللغة:Spanish
منشور في: [San José], Costa Rica, 2015.
الموضوعات:
الوسوم: إضافة وسم
لا توجد وسوم, كن أول من يضع وسما على هذه التسجيلة!

MARC

LEADER 00000nam a22000007a 4500
003 012402
005 20230912144018.0
008 160711b2015 cr a|||| |||| 00| ||spa d
040 |c cru CEDI 
090 |a TFG 7560 
100 |9 1489  |a Apú Chinchilla, Arturo, 1994- 
245 |a Desarrollo de aplicación para utilizar un kinect como interfaz visual y musical  
260 |a  [San José], Costa Rica,   |c 2015. 
300 |a xi,37 hojas; ilustraciones 
500 |a Proyecto de graduación (bachillerato en ingeniería eléctrica)--Universidad de Costa Rica. Facultad de Ingeniería. Escuela de Ingeniería Eléctrica 
501 |a Profesor Guía de IE-0499 Proyecto Eléctrico: Ph.D. Lochi Yu Lo 
650 |x VISION POR COMPUTADORA  |x PROCESAMIENTO DE SEÑALES   |x ELECTRONICA DIGITAL   |x INTERFACES CON EL USUARIO (SISTEMAS PARA COMPUTADORA)   |x KINECT  |9 5198 
700 |9 841  |a  Lochi Yu Lo  |d Director de Proyecto Eléctrico  
942 |c CEDI 
999 |c 16983  |d 16983